[Event "Danish CPH 2023 for 50+ and 65+"]
[Site "Nyhavnsgade 14, 2. sal. 9000 Aalborg"]
[Date "2023.02.20"]
[Round "1.1"]
[White "Nordenbaek, Jan"]
[Black "Westenborg, Allan"]
[Result "1-0"]
[BlackElo "1772"]
[WhiteElo "2122"]
[LiveChessVersion "1.4.8"]

1. e4 {[%clk 1:30:58]} c5 {[%clk 1:21:17]} 2. Nf3 {[%clk 1:31:07]} d6
{[%clk 1:21:45]} 3. d4 {[%clk 1:31:28]} cxd4 {[%clk 1:22:13]} 4. Nxd4
{[%clk 1:31:52]} Nf6 {[%clk 1:22:24]} 5. Nc3 {[%clk 1:32:18]} a6 {[%clk 1:22:50]}
6. f3 {[%clk 1:31:19]} g6 {[%clk 1:21:50]} 7. Be3 {[%clk 1:31:26]} b5
{[%clk 1:21:34]} 8. Qd2 {[%clk 1:30:37]} Bb7 {[%clk 1:21:33]} 9. a4
{[%clk 1:30:55]} e5 {[%clk 1:15:09]} 10. Nb3 {[%clk 1:31:06]} b4 {[%clk 1:14:11]}
11. Na2 {[%clk 1:21:40]} a5 {[%clk 1:08:52]} 12. c3 {[%clk 1:16:30]} bxc3
{[%clk 1:00:28]} 13. Nxc3 {[%clk 1:16:47]} Ba6 {[%clk 0:56:12]} 14. O-O-O
{[%clk 1:06:40]} Bxf1 {[%clk 0:52:51]} 15. Rhxf1 {[%clk 1:05:43]} Nc6
{[%clk 0:46:23]} 16. Kb1 {[%clk 1:00:40]} Nb4 {[%clk 0:43:07]} 17. Qe2
{[%clk 0:51:10]} h6 {[%clk 0:36:42]} 18. f4 {[%clk 0:51:02]} Nd7 {[%clk 0:31:10]}
19. Nb5 {[%clk 0:45:31]} Ra6 {[%clk 0:29:59]} 20. Rc1 {[%clk 0:45:09]} Rc6
{[%clk 0:29:09]} 21. Rxc6 {[%clk 0:44:45]} Nxc6 {[%clk 0:29:36]} 22. Qc4
{[%clk 0:44:55]} exf4 {[%clk 0:27:16]} 23. Qxc6 {[%clk 0:44:38]} fxe3
{[%clk 0:27:38]} 24. Nc7+ {[%clk 0:44:04]} Ke7 {[%clk 0:28:02]} 25. Nd5+
{[%clk 0:43:25]} Ke8 {[%clk 0:28:17]} 26. Nxe3 {[%clk 0:25:24]} Be7
{[%clk 0:28:11]} 27. Nc4 1-0

[Event "Danish CPH 2023 for 50+ and 65+"]
[Site "Nyhavnsgade 14, 2. sal. 9000 Aalborg"]
[Date "2023.02.20"]
[Round "1.2"]
[White "Schacht, Jorgen Vejby"]
[Black "Nielsen, Niels-Peter"]
[Result "0-1"]
[BlackElo "2030"]
[WhiteElo "1654"]
[LiveChessVersion "1.4.8"]

1. d4 {[%clk 1:30:57]} Nf6 {[%clk 1:30:55]} 2. c4 {[%clk 1:31:21]} g6
{[%clk 1:30:36]} 3. Nc3 {[%clk 1:31:41]} Bg7 {[%clk 1:30:35]} 4. Nf3
{[%clk 1:32:04]} d6 {[%clk 1:30:06]} 5. Bg5 {[%clk 1:32:10]} c6 {[%clk 1:27:36]}
6. e3 {[%clk 1:32:23]} O-O {[%clk 1:27:18]} 7. Be2 {[%clk 1:32:45]} Qc7
{[%clk 1:26:29]} 8. Qc2 {[%clk 1:29:27]} a6 {[%clk 1:23:44]} 9. O-O
{[%clk 1:29:37]} e5 {[%clk 1:21:36]} 10. dxe5 {[%clk 1:19:54]} dxe5
{[%clk 1:21:51]} 11. c5 {[%clk 1:18:46]} Be6 {[%clk 1:17:13]} 12. Nd2
{[%clk 1:17:03]} Nbd7 {[%clk 1:16:18]} 13. Nce4 {[%clk 1:11:10]} Nxe4
{[%clk 1:14:41]} 14. Nxe4 {[%clk 1:11:13]} Bf5 {[%clk 1:13:53]} 15. Be7
{[%clk 1:01:55]} Bxe4 {[%clk 1:07:46]} 16. Qxe4 {[%clk 1:02:14]} Nf6
{[%clk 1:08:11]} 17. Bxf6 {[%clk 1:02:17]} Bxf6 {[%clk 1:08:35]} 18. Rfd1
{[%clk 1:01:59]} Rad8 {[%clk 1:06:50]} 19. h4 {[%clk 0:58:42]} Qe7
{[%clk 1:04:39]} 20. h5 {[%clk 0:56:03]} Qxc5 {[%clk 1:03:57]} 21. hxg6
{[%clk 0:56:08]} hxg6 {[%clk 1:04:06]} 22. Bc4 {[%clk 0:55:37]} Kg7
{[%clk 1:03:58]} 23. Rac1 {[%clk 0:50:06]} Rxd1+ {[%clk 1:02:07]} 24. Rxd1
{[%clk 0:50:30]} Rd8 {[%clk 1:02:20]} 25. Rxd8 {[%clk 0:50:11]} Bxd8
{[%clk 1:02:48]} 26. Qd3 {[%clk 0:49:00]} Qe7 {[%clk 0:58:47]} 27. e4
{[%clk 0:45:45]} b5 {[%clk 0:58:37]} 28. Bb3 {[%clk 0:46:08]} Bb6
{[%clk 0:58:17]} 29. Qf3 {[%clk 0:45:29]} Bd4 {[%clk 0:57:58]} 30. Qe2
{[%clk 0:44:08]} Qc5 {[%clk 0:56:07]} 31. Bd1 {[%clk 0:43:06]} Qc1
{[%clk 0:53:04]} 32. b3 {[%clk 0:41:45]} c5 {[%clk 0:52:32]} 33. Qc2
{[%clk 0:39:28]} Qa1 {[%clk 0:46:43]} 34. Kf1 {[%clk 0:34:19]} Bc3
{[%clk 0:40:15]} 35. Ke2 {[%clk 0:33:17]} Bd4 {[%clk 0:36:32]} 36. f3
{[%clk 0:32:01]} Bc3 {[%clk 0:34:10]} 37. Kd3 {[%clk 0:26:49]} Bb4
{[%clk 0:34:03]} 38. Ke2 {[%clk 0:26:32]} Qd4 {[%clk 0:33:46]} 39. Kf1
{[%clk 0:25:44]} Ba5 {[%clk 0:27:48]} 40. Be2 {[%clk 0:21:19]} Qa1+
{[%clk 0:20:12]} 41. Bd1 {[%clk 0:19:19]} c4 {[%clk 0:18:20]} 42. bxc4
{[%clk 0:16:19]} bxc4 {[%clk 0:18:33]} 43. Ke2 {[%clk 0:15:42]} Qd4
{[%clk 0:18:19]} 44. Kf1 {[%clk 0:15:48]} Bb6 {[%clk 0:18:28]} 45. Ke1
{[%clk 0:12:25]} Qg1+ {[%clk 0:17:53]} 46. Kd2 {[%clk 0:12:47]} Qe3# 0-1

[Event "Danish CPH 2023 for 50+ and 65+"]
[Site "Nyhavnsgade 14, 2. sal. 9000 Aalborg"]
[Date "2023.02.20"]
[Round "1.3"]
[White "Steffensen, Elena"]
[Black "Pilgaard, Erik"]
[Result "1-0"]
[BlackElo "1442"]
[WhiteElo "2024"]
[LiveChessVersion "1.4.8"]

1. e4 {[%clk 1:30:56]} e5 {[%clk 1:30:47]} 2. Nf3 {[%clk 1:31:24]} Nc6
{[%clk 1:30:58]} 3. Bb5 {[%clk 1:31:52]} d6 {[%clk 1:30:48]} 4. d4
{[%clk 1:31:27]} exd4 {[%clk 1:30:08]} 5. Nxd4 {[%clk 1:30:18]} Bd7
{[%clk 1:28:54]} 6. Bxc6 {[%clk 1:30:20]} bxc6 {[%clk 1:27:03]} 7. O-O
{[%clk 1:30:45]} Nf6 {[%clk 1:27:17]} 8. Bg5 {[%clk 1:29:45]} Be7
{[%clk 1:26:38]} 9. Nf5 {[%clk 1:29:17]} O-O {[%clk 1:25:24]} 10. Nxe7+
{[%clk 1:28:54]} Qxe7 {[%clk 1:25:37]} 11. Nc3 {[%clk 1:28:37]} Qe6
{[%clk 1:21:17]} 12. Re1 {[%clk 1:25:01]} h6 {[%clk 1:19:28]} 13. Bh4
{[%clk 1:23:53]} Rae8 {[%clk 1:16:20]} 14. e5 {[%clk 1:20:23]} Nd5
{[%clk 1:12:02]} 15. Ne4 {[%clk 1:16:44]} dxe5 {[%clk 1:09:13]} 16. c4
{[%clk 1:13:29]} Nf4 {[%clk 1:08:53]} 17. Nc5 {[%clk 1:12:00]} Qg6
{[%clk 1:05:54]} 18. Bg3 {[%clk 1:11:03]} Bf5 {[%clk 1:02:09]} 19. Qf3
{[%clk 1:07:03]} Bg4 {[%clk 0:55:38]} 20. Qe3 {[%clk 1:04:13]} Qf5
{[%clk 0:47:26]} 21. f3 {[%clk 1:01:02]} Bh5 {[%clk 0:44:55]} 22. Rad1
{[%clk 0:57:06]} Rd8 {[%clk 0:44:20]} 23. Rxd8 {[%clk 0:55:34]} Rxd8
{[%clk 0:44:12]} 24. Qxe5 {[%clk 0:55:12]} Qxe5 {[%clk 0:41:22]} 25. Rxe5
{[%clk 0:55:37]} Rd1+ {[%clk 0:40:47]} 26. Kf2 {[%clk 0:53:33]} f6
{[%clk 0:40:26]} 27. Rf5 {[%clk 0:49:50]} g5 {[%clk 0:36:03]} 28. Bxf4
{[%clk 0:49:34]} Kf7 {[%clk 0:35:58]} 29. Ne4 {[%clk 0:48:57]} gxf4
{[%clk 0:35:44]} 30. Rxh5 {[%clk 0:49:00]} 1-0

[Event "Danish CPH 2023 for 50+ and 65+"]
[Site "Nyhavnsgade 14, 2. sal. 9000 Aalborg"]
[Date "2023.02.20"]
[Round "1.4"]
[White "Pors, Kim"]
[Black "Lilja, Richard"]
[Result "0-1"]
[BlackElo "2004"]
[WhiteElo "1406"]
[LiveChessVersion "1.4.8"]

1. c4 {[%clk 1:30:55]} Nf6 {[%clk 1:29:46]} 2. Nf3 {[%clk 1:30:47]} g6
{[%clk 1:30:09]} 3. g3 {[%clk 1:29:50]} Bg7 {[%clk 1:30:33]} 4. Bg2
{[%clk 1:29:39]} O-O {[%clk 1:30:55]} 5. O-O {[%clk 1:29:53]} d6 {[%clk 1:30:35]}
6. d4 {[%clk 1:28:48]} c5 {[%clk 1:29:07]} 7. dxc5 {[%clk 1:26:53]} dxc5
{[%clk 1:29:31]} 8. Nc3 {[%clk 1:20:34]} Nc6 {[%clk 1:24:53]} 9. Be3
{[%clk 1:10:12]} Be6 {[%clk 1:23:58]} 10. Bxc5 {[%clk 1:06:32]} Qa5
{[%clk 1:17:01]} 11. Be3 {[%clk 0:57:55]} Bxc4 {[%clk 1:11:12]} 12. a3
{[%clk 0:48:33]} Ng4 {[%clk 1:00:51]} 13. Qc2 {[%clk 0:42:38]} Nxe3
{[%clk 0:59:43]} 14. fxe3 {[%clk 0:41:23]} Qb6 {[%clk 0:54:49]} 15. Kf2
{[%clk 0:36:05]} Bb3 {[%clk 0:49:19]} 16. Qc1 {[%clk 0:31:31]} Bh6
{[%clk 0:42:21]} 17. Ne4 {[%clk 0:26:59]} Bd5 {[%clk 0:36:16]} 18. Nc3
{[%clk 0:26:36]} Rad8 {[%clk 0:29:46]} 19. Nxd5 {[%clk 0:26:33]} Rxd5
{[%clk 0:30:10]} 20. b4 {[%clk 0:23:35]} Ne5 {[%clk 0:23:52]} 21. h3
{[%clk 0:16:34]} Rd3 {[%clk 0:22:19]} 22. Ke1 {[%clk 0:11:30]} Nxf3+
{[%clk 0:15:22]} 23. Bxf3 {[%clk 0:11:06]} Bxe3 {[%clk 0:13:33]} 24. Qb1
{[%clk 0:05:32]} Bd2+ {[%clk 0:12:13]} 25. Kd1 {[%clk 0:05:54]} Rd6
{[%clk 0:12:21]} 26. Kc2 {[%clk 0:04:05]} Rc8+ {[%clk 0:12:12]} 27. Kb3
{[%clk 0:04:23]} Qe3+ {[%clk 0:11:29]} 28. Ka2 {[%clk 0:04:23]} Qe6+
{[%clk 0:11:37]} 0-1

[Event "Danish CPH 2023 for 50+ and 65+"]
[Site "Nyhavnsgade 14, 2. sal. 9000 Aalborg"]
[Date "2023.02.20"]
[Round "1.5"]
[White "Oehlerich, Per"]
[Black "Hein, Jacob"]
[Result "1-0"]
[BlackElo "1341"]
[WhiteElo "1952"]
[LiveChessVersion "1.4.8"]

1. d4 {[%clk 1:30:48]} Nf6 {[%clk 1:30:44]} 2. c4 {[%clk 1:30:46]} d5
{[%clk 1:30:39]} 3. Nc3 {[%clk 1:30:13]} Nc6 {[%clk 1:30:19]} 4. cxd5
{[%clk 1:26:32]} Nxd5 {[%clk 1:30:37]} 5. Nf3 {[%clk 1:25:56]} Bg4
{[%clk 1:27:43]} 6. e3 {[%clk 1:24:58]} a6 {[%clk 1:26:24]} 7. Bc4
{[%clk 1:23:27]} e6 {[%clk 1:26:11]} 8. h3 {[%clk 1:21:38]} Bh5 {[%clk 1:25:11]}
9. a3 {[%clk 1:18:04]} b5 {[%clk 1:24:40]} 10. Bxd5 {[%clk 1:08:34]} exd5
{[%clk 1:24:55]} 11. Qb3 {[%clk 1:05:09]} Bxf3 {[%clk 1:21:51]} 12. gxf3
{[%clk 1:05:36]} Ne7 {[%clk 1:22:08]} 13. a4 {[%clk 1:03:03]} c6 {[%clk 1:22:30]}
14. axb5 {[%clk 1:01:26]} axb5 {[%clk 1:22:46]} 15. Rxa8 {[%clk 1:00:31]} Qxa8
{[%clk 1:23:02]} 16. e4 {[%clk 0:59:56]} Qb7 {[%clk 1:22:01]} 17. Be3
{[%clk 0:57:04]} Qa8 {[%clk 1:19:39]} 18. O-O {[%clk 0:54:59]} Qd8
{[%clk 1:19:00]} 19. Ra1 {[%clk 0:50:29]} Qc8 {[%clk 1:18:54]} 20. exd5
{[%clk 0:49:34]} Nxd5 {[%clk 1:18:15]} 21. Nxd5 {[%clk 0:49:38]} cxd5
{[%clk 1:18:37]} 22. Qxb5+ {[%clk 0:49:44]} Ke7 {[%clk 1:18:49]} 23. Qxd5
{[%clk 0:47:13]} Qxh3 {[%clk 1:18:44]} 24. Ra7+ {[%clk 0:46:53]} Kf6
{[%clk 1:18:10]} 25. Qxf7# {[%clk 0:47:00]} 1-0

[Event "Danish CPH 2023 for 50+ and 65+"]
[Site "Nyhavnsgade 14, 2. sal. 9000 Aalborg"]
[Date "2023.02.20"]
[Round "1.6"]
[White "Lytzen, Lars Erik"]
[Black "Gronhoj, Benny"]
[Result "0-1"]
[BlackElo "1929"]
[WhiteElo "1306"]
[LiveChessVersion "1.4.8"]

1. Nf3 {[%clk 1:30:57]} d6 {[%clk 1:29:16]} 2. b3 {[%clk 1:31:19]} e5
{[%clk 1:29:26]} 3. Bb2 {[%clk 1:30:48]} Bg4 {[%clk 1:28:42]} 4. d3
{[%clk 1:30:39]} Bxf3 {[%clk 1:28:50]} 5. exf3 {[%clk 1:30:32]} Nc6
{[%clk 1:28:46]} 6. Nd2 {[%clk 1:30:55]} f5 {[%clk 1:27:50]} 7. g3
{[%clk 1:30:10]} Nf6 {[%clk 1:28:05]} 8. Bg2 {[%clk 1:30:33]} Be7
{[%clk 1:28:01]} 9. O-O {[%clk 1:30:29]} Qd7 {[%clk 1:27:41]} 10. a3
{[%clk 1:27:56]} O-O-O {[%clk 1:26:38]} 11. Re1 {[%clk 1:26:52]} g5
{[%clk 1:25:43]} 12. Nc4 {[%clk 1:26:30]} h5 {[%clk 1:25:38]} 13. Qe2
{[%clk 1:25:52]} h4 {[%clk 1:24:11]} 14. Qf1 {[%clk 1:22:40]} hxg3
{[%clk 1:22:48]} 15. fxg3 {[%clk 1:21:21]} Nh5 {[%clk 1:21:37]} 16. Qf2
{[%clk 1:18:48]} Bf6 {[%clk 1:21:05]} 17. Ne3 {[%clk 1:15:04]} Qh7
{[%clk 1:17:27]} 18. Bh3 {[%clk 1:14:01]} g4 {[%clk 1:17:04]} 19. fxg4
{[%clk 1:13:28]} Nxg3 {[%clk 1:14:18]} 20. Bf1 {[%clk 1:08:38]} Nxf1
{[%clk 1:13:22]} 21. Nxf1 {[%clk 1:06:40]} Bh4 {[%clk 1:11:56]} 22. Qxf5+
{[%clk 1:01:06]} Qxf5 {[%clk 1:12:22]} 23. gxf5 {[%clk 1:01:20]} Bxe1
{[%clk 1:12:42]} 24. Rxe1 {[%clk 1:01:41]} Rhg8+ {[%clk 1:12:37]} 25. Kh1
{[%clk 1:01:28]} Rdf8 {[%clk 1:12:07]} 26. Ne3 {[%clk 1:01:06]} Ne7
{[%clk 1:11:58]} 27. Rf1 {[%clk 1:01:18]} Rf6 {[%clk 1:11:53]} 28. d4
{[%clk 1:00:32]} exd4 {[%clk 1:10:36]} 29. Bxd4 {[%clk 1:00:47]} Rf7
{[%clk 1:10:15]} 30. f6 {[%clk 0:54:50]} Nc6 {[%clk 1:10:25]} 31. Bc3
{[%clk 0:54:34]} Ne5 {[%clk 1:09:43]} 32. Rf2 {[%clk 0:44:27]} Rgf8
{[%clk 1:07:26]} 33. Bxe5 {[%clk 0:41:02]} dxe5 {[%clk 1:07:12]} 34. Ng4
{[%clk 0:39:30]} e4 {[%clk 1:06:13]} 35. Re2 {[%clk 0:38:26]} Re8
{[%clk 1:05:56]} 36. Kg2 {[%clk 0:37:52]} Rg8 {[%clk 1:04:46]} 37. Kg3
{[%clk 0:36:37]} Rxf6 {[%clk 1:04:30]} 38. Rxe4 {[%clk 0:36:00]} Rd6
{[%clk 1:04:20]} 39. Re2 {[%clk 0:32:47]} Rgd8 {[%clk 1:04:20]} 40. Ne3
{[%clk 0:30:37]} Re8 {[%clk 1:03:29]} 41. Kf3 {[%clk 0:30:10]} Rde6
{[%clk 1:02:51]} 42. Kf4 {[%clk 0:26:24]} a5 {[%clk 1:01:19]} 43. c4
{[%clk 0:25:01]} b6 {[%clk 1:00:19]} 44. h4 {[%clk 0:22:54]} Re4+
{[%clk 1:00:34]} 45. Kf3 {[%clk 0:22:35]} Rxh4 {[%clk 1:00:51]} 46. b4
{[%clk 0:05:59]} axb4 {[%clk 1:00:14]} 47. axb4 {[%clk 0:06:06]} Rhe4
{[%clk 1:00:14]} 48. Kf2 {[%clk 0:05:00]} b5 {[%clk 0:58:22]} 49. cxb5
{[%clk 0:02:37]} Rxb4 {[%clk 0:58:36]} 50. Nd5 {[%clk 0:01:42]} Rxe2+
{[%clk 0:58:50]} 51. Kxe2 {[%clk 0:02:03]} Rxb5 {[%clk 0:59:13]} 52. Nc3
{[%clk 0:01:37]} Rh5 {[%clk 0:59:30]} 53. Kd3 {[%clk 0:01:53]} Kb7
{[%clk 0:59:30]} 54. Kc4 {[%clk 0:02:06]} Kc6 {[%clk 0:59:16]} 55. Ne4
{[%clk 0:01:44]} Rh4 {[%clk 0:59:01]} 56. Kd4 {[%clk 0:01:43]} Kb5
{[%clk 0:59:14]} 57. Kd5 {[%clk 0:01:32]} Rxe4 {[%clk 0:59:31]} 58. Kxe4
{[%clk 0:01:53]} Kb4 {[%clk 0:59:53]} 59. Kd3 {[%clk 0:01:55]} c5
{[%clk 1:00:14]} 60. Kc2 {[%clk 0:02:07]} Kc4 {[%clk 1:00:35]} 61. Kd2
{[%clk 0:02:24]} Kb3 {[%clk 1:00:56]} 62. Kc1 {[%clk 0:02:33]} Kc3
{[%clk 1:01:20]} 0-1

[Event "Danish CPH 2023 for 50+ and 65+"]
[Site "Nyhavnsgade 14, 2. sal. 9000 Aalborg"]
[Date "2023.02.20"]
[Round "1.7"]
[White "Fischer, Johan"]
[Black "Grue, Vibeke"]
[Result "1-0"]
[BlackElo "986"]
[WhiteElo "1827"]
[LiveChessVersion "1.4.8"]

1. Nf3 {[%clk 1:30:56]} d5 {[%clk 1:28:42]} 2. g3 {[%clk 1:31:16]} c5
{[%clk 1:28:38]} 3. Bg2 {[%clk 1:31:38]} Nc6 {[%clk 1:28:20]} 4. d4
{[%clk 1:32:01]} Bf5 5. c3 {[%clk 1:25:45]} cxd4 {[%clk 1:23:15]} 6. Nxd4
{[%clk 1:22:55]} Bd7 {[%clk 1:22:00]} 7. Bxd5 {[%clk 1:20:46]} Nf6
{[%clk 1:18:50]} 8. Bg2 {[%clk 1:18:45]} Na5 {[%clk 1:16:57]} 9. b4
{[%clk 1:10:48]} e5 {[%clk 1:16:38]} 10. Nf3 {[%clk 1:04:15]} Nc4
{[%clk 1:15:32]} 11. Nbd2 {[%clk 0:57:11]} Qc7 {[%clk 1:11:42]} 12. Nxc4
{[%clk 0:54:15]} Qxc4 {[%clk 1:11:34]} 13. Bb2 {[%clk 0:54:31]} Bxb4
{[%clk 1:04:21]} 14. cxb4 {[%clk 0:52:23]} Qxb4+ 15. Qd2 {[%clk 0:51:17]} Qc5
{[%clk 0:47:12]} 16. Nxe5 {[%clk 0:47:51]} Rd8 {[%clk 0:40:25]} 17. Rc1
{[%clk 0:41:21]} Qb6 {[%clk 0:38:30]} 18. Nc4 {[%clk 0:40:48]} Bc6
{[%clk 0:36:39]} 19. Nxb6 {[%clk 0:37:16]} Rxd2 {[%clk 0:36:53]} 20. Bxc6+
{[%clk 0:37:33]} bxc6 {[%clk 0:36:47]} 21. Kxd2 {[%clk 0:37:32]} axb6
{[%clk 0:35:20]} 22. Bxf6 {[%clk 0:37:51]} gxf6 {[%clk 0:35:15]} 23. Rxc6
{[%clk 0:38:13]} 1-0

[Event "Danish CPH 2023 for 50+ and 65+"]
[Site "Nyhavnsgade 14, 2. sal. 9000 Aalborg"]
[Date "2023.02.20"]
[Round "1.12"]
[White "Christiansen, Jens Jorgen"]
[Black "Matras, Ove"]
[Result "1-0"]
[BlackElo "1749"]
[WhiteElo "2056"]
[LiveChessVersion "1.4.8"]

1. b3 e5 {[%clk 1:29:27]} 2. Bb2 {[%clk 1:31:17]} Nc6 {[%clk 1:29:48]} 3. e3
{[%clk 1:31:38]} Nf6 {[%clk 1:26:46]} 4. Nf3 {[%clk 1:25:55]} d6 {[%clk 1:25:22]}
5. d4 {[%clk 1:23:10]} exd4 {[%clk 1:24:19]} 6. exd4 {[%clk 1:18:51]} Bg4
{[%clk 1:23:34]} 7. Nbd2 {[%clk 1:17:11]} Qd7 {[%clk 1:20:33]} 8. h3
{[%clk 1:14:56]} Bxf3 {[%clk 1:15:53]} 9. Qxf3 {[%clk 1:10:35]} O-O-O
{[%clk 1:14:34]} 10. O-O-O {[%clk 1:10:08]} Ne7 {[%clk 1:11:09]} 11. Nc4
{[%clk 1:06:25]} Qf5 {[%clk 1:07:49]} 12. Qxf5+ {[%clk 1:04:57]} Nxf5
{[%clk 1:08:04]} 13. Bd3 {[%clk 1:05:15]} Ne7 {[%clk 1:06:26]} 14. Rhe1
{[%clk 0:59:56]} Ng6 {[%clk 1:04:17]} 15. Bf5+ {[%clk 0:59:04]} Kb8
{[%clk 1:04:27]} 16. g3 {[%clk 0:58:30]} Ne7 {[%clk 1:02:57]} 17. Bd3
{[%clk 0:58:09]} Ned5 {[%clk 1:02:39]} 18. Bf1 {[%clk 0:52:10]} Nb6
{[%clk 1:01:23]} 19. Nxb6 {[%clk 0:50:32]} axb6 {[%clk 1:01:39]} 20. d5
{[%clk 0:50:44]} c6 {[%clk 0:56:07]} 21. c4 {[%clk 0:47:39]} Nd7 {[%clk 0:53:22]}
22. b4 {[%clk 0:45:42]} Rg8 {[%clk 0:52:09]} 23. h4 {[%clk 0:29:16]} g5
{[%clk 0:46:25]} 24. h5 {[%clk 0:24:17]} g4 {[%clk 0:44:51]} 25. Bg2
{[%clk 0:20:35]} Kc7 {[%clk 0:44:06]} 26. Be4 {[%clk 0:20:32]} Rg5
{[%clk 0:42:43]} 27. Bxh7 {[%clk 0:20:23]} Rxh5 {[%clk 0:41:55]} 28. Rh1
{[%clk 0:20:11]} Rg5 {[%clk 0:41:37]} 29. Bd4 {[%clk 0:18:07]} Ne5
{[%clk 0:40:24]} 30. Be3 {[%clk 0:10:20]} Rg7 {[%clk 0:40:04]} 31. Bd3
{[%clk 0:10:38]} Be7 {[%clk 0:36:48]} 32. Rh5 {[%clk 0:09:07]} Ra8
{[%clk 0:35:52]} 33. Kb2 {[%clk 0:08:17]} Ra4 {[%clk 0:31:27]} 34. Kb3
{[%clk 0:06:56]} Nxd3 {[%clk 0:28:22]} 35. Rxd3 {[%clk 0:06:18]} Ra8
{[%clk 0:26:54]} 36. Rf5 {[%clk 0:06:00]} Rh7 {[%clk 0:26:21]} 37. Rd4
{[%clk 0:05:53]} Kd7 {[%clk 0:20:31]} 38. Rxg4 {[%clk 0:04:58]} Rh1
{[%clk 0:20:48]} 39. Bxb6 {[%clk 0:05:16]} Rb1+ {[%clk 0:20:53]} 40. Kc2
{[%clk 0:05:00]} Ra1 {[%clk 0:20:45]} 41. Rxf7 {[%clk 0:03:28]} R8xa2+
{[%clk 0:20:14]} 42. Kd3 {[%clk 0:03:40]} Rd1+ {[%clk 0:17:38]} 43. Ke3
{[%clk 0:01:57]} cxd5 {[%clk 0:16:02]} 44. cxd5 {[%clk 0:01:28]} Ke8
{[%clk 0:10:47]} 45. Rf5 {[%clk 0:01:11]} Rad2 {[%clk 0:09:49]} 46. Rc4
{[%clk 0:28:49]} Rxd5 {[%clk 0:37:20]} 47. Rc8+ {[%clk 0:29:07]} Kd7
{[%clk 0:37:38]} 48. Rc7+ {[%clk 0:29:26]} Ke6 {[%clk 0:37:54]} 49. Rxd5
{[%clk 0:29:32]} Rxd5 {[%clk 0:38:15]} 50. Rxb7 {[%clk 0:29:51]} Rb5
{[%clk 0:38:15]} 51. Rb8 {[%clk 0:27:34]} Rxb4 {[%clk 0:37:52]} 52. Ba7
{[%clk 0:27:01]} Ra4 {[%clk 0:37:42]} 53. Bd4 {[%clk 0:23:56]} Ra3+
{[%clk 0:36:40]} 54. Ke2 {[%clk 0:23:27]} Kd5 {[%clk 0:35:35]} 55. Bg7
{[%clk 0:20:23]} Ke6 {[%clk 0:34:45]} 56. g4 {[%clk 0:18:25]} Bg5
{[%clk 0:33:12]} 57. Rb5 {[%clk 0:16:52]} Bc1 {[%clk 0:31:30]} 58. Rb4
{[%clk 0:14:24]} Ra2+ {[%clk 0:29:57]} 59. Kf3 {[%clk 0:13:39]} Bg5
{[%clk 0:28:29]} 60. Re4+ {[%clk 0:12:20]} Kd5 {[%clk 0:27:55]} 61. Rd4+
{[%clk 0:11:24]} Ke6 {[%clk 0:27:55]} 62. Rd3 {[%clk 0:11:25]} Bh4
{[%clk 0:26:38]} 63. Bd4 {[%clk 0:11:41]} Bg5 {[%clk 0:25:37]} 64. Be3
{[%clk 0:11:52]} Bf6 {[%clk 0:25:06]} 65. g5 {[%clk 0:12:02]} Be5
{[%clk 0:24:16]} 66. Bd4 {[%clk 0:11:52]} Kf5 {[%clk 0:22:40]} 67. Be3
{[%clk 0:11:49]} Ra4 {[%clk 0:22:07]} 68. Rb3 {[%clk 0:11:48]} d5
{[%clk 0:20:52]} 69. Rb7 {[%clk 0:08:44]} d4 {[%clk 0:18:22]} 70. Bc1
{[%clk 0:07:34]} Rc4 {[%clk 0:18:23]} 71. Bd2 {[%clk 0:07:16]} Rc2
{[%clk 0:16:38]} 72. Ke2 {[%clk 0:07:30]} Ra2 {[%clk 0:16:42]} 73. f3
{[%clk 0:07:11]} Ra3 {[%clk 0:13:29]} 74. Rb5 {[%clk 0:06:38]} Ke6
{[%clk 0:12:35]} 75. f4 {[%clk 0:06:26]} Bg7 {[%clk 0:07:20]} 76. f5+
{[%clk 0:06:37]} Kd6 {[%clk 0:06:06]} 77. Bb4+ {[%clk 0:06:42]} Kd5 1-0